000 00910cam a2200289 i 4500
001 61535
003 Mx-PuUPA
005 20250421112730.0
008 141010s2003 sp a r 000 0 spa d
017 _aM-15.917-2003
020 _a8449203341
_qpasta dura
040 _aMx-PuUPA
_bspa
_cMx-PuUPA
_dMx-PuUPA
_erda
041 0 _aspa
245 0 0 _aJuan Diego /
_cJuan Gallardo Muñoz
250 _aEdición especial
264 1 _aEspaña :
_bDastin : Promo Libros,
_c2003
300 _a206 páginas, 2 láminas (sin paginación) :
_bilustraciones ;
_c22 cm
336 _atexto
_2rdacontent
_btxt
337 _asin medio
_2rdamedia
_bn
338 _avolumen
_2rdacarrier
_bnc
490 0 _aGrandes Mexicanos Ilustres
600 0 4 _aJuan Diego
_d1474-1545
_vBiografías
650 7 _2armarc
_aHistoria
942 _2ddc
_cLI
_h920.008
_iJ12
999 _c61535
_d61535